<?xml version="1.0" encoding="UTF-8"?>
<record
    xmlns:xsi="http://www.w3.org/2001/XMLSchema-instance"
    xsi:schemaLocation="http://www.loc.gov/MARC21/slim http://www.loc.gov/standards/marcxml/schema/MARC21slim.xsd"
    xmlns="http://www.loc.gov/MARC21/slim">

  <leader>02642nam a22002777a 4500</leader>
  <controlfield tag="001">9127</controlfield>
  <controlfield tag="003">FISKH</controlfield>
  <controlfield tag="005">20251124115024.0</controlfield>
  <controlfield tag="008">251124b        cb ||||| |||| 00| 0 eng d</controlfield>
  <datafield tag="040" ind1=" " ind2=" ">
    <subfield code="a">FISKH </subfield>
    <subfield code="b">khr</subfield>
    <subfield code="c">FISKH </subfield>
    <subfield code="d">FISKH </subfield>
  </datafield>
  <datafield tag="082" ind1=" " ind2=" ">
    <subfield code="a">398.2</subfield>
  </datafield>
  <datafield tag="100" ind1=" " ind2=" ">
    <subfield code="a">Sarik , Iv</subfield>
  </datafield>
  <datafield tag="245" ind1=" " ind2=" ">
    <subfield code="a">&#x1798;&#x17B6;&#x1793;&#x17CB;&#x1782;&#x1780;&#x1788;&#x17D2;&#x179B;&#x17B6;&#x179F;&#x179C;&#x17C3; : </subfield>
    <subfield code="b">The wise rooster / </subfield>
    <subfield code="c">&#x179A;&#x17C0;&#x1794;&#x179A;&#x17C0;&#x1784;&#x178A;&#x17C4;&#x1799; &#x17A2;&#x17BB;&#x17B8;&#x179C; &#x179F;&#x17B6;&#x179A;&#x17B8;&#x1780; , &#x1782;&#x17BC;&#x179A;&#x179A;&#x17BC;&#x1794;&#x178A;&#x17C4;&#x1799; &#x17A2;&#x17C1;&#x178F; &#x17A2;&#x17BC;</subfield>
  </datafield>
  <datafield tag="260" ind1=" " ind2=" ">
    <subfield code="c">2011 . </subfield>
  </datafield>
  <datafield tag="300" ind1=" " ind2=" ">
    <subfield code="a">24 pages : </subfield>
    <subfield code="b">color illustrations ; </subfield>
    <subfield code="c">30 cm . </subfield>
  </datafield>
  <datafield tag="505" ind1=" " ind2=" ">
    <subfield code="a">R 

</subfield>
  </datafield>
  <datafield tag="520" ind1=" " ind2=" ">
    <subfield code="a">&#x1798;&#x17B6;&#x1793;&#x1780;&#x17BB;&#x178A;&#x17BB;&#x1798;&#x17D2;&#x1796;&#x17B8;&#x1798;&#x17D2;&#x1793;&#x17B6;&#x1780;&#x17CB;&#x1798;&#x17B6;&#x1793;&#x1791;&#x17D2;&#x179A;&#x1796;&#x17D2;&#x1799;&#x179F;&#x1798;&#x17D2;&#x1794;&#x178F;&#x17D2;&#x178F;&#x17B7;&#x179F;&#x17D2;&#x178F;&#x17BB;&#x1780;&#x179F;&#x17D2;&#x178F;&#x1798;&#x17D2;&#x1797; &#x179A;&#x179F;&#x17CB;&#x1793;&#x17C5;&#x1787;&#x17B6;&#x1798;&#x17BD;&#x1799;&#x1797;&#x179A;&#x17B7;&#x1799;&#x17B6;&#x200B;&#x1793;&#x17B7;&#x1784;&#x1780;&#x17BC;&#x1793;&#x17A2;&#x17B6;&#x1799;&#x17BB;10&#x1786;&#x17D2;&#x1793;&#x17B6;&#x17C6; &#x17D4;&#x200B; &#x1780;&#x17BB;&#x178A;&#x17BB;&#x1798;&#x17D2;&#x1796;&#x17B8;&#x1798;&#x17B6;&#x1793;&#x1785;&#x17C6;&#x1793;&#x17C1;&#x17C7;&#x178A;&#x17CF;&#x1796;&#x17B7;&#x179F;&#x17C1;&#x179F;&#x1798;&#x17BD;&#x1799;&#x1782;&#x17BA;&#x1780;&#x17B6;&#x179A;&#x179F;&#x17D2;&#x178F;&#x17B6;&#x1794;&#x17CB;&#x1797;&#x17B6;&#x179F;&#x17B6;&#x179F;&#x178F;&#x17D2;&#x179C;&#x1794;&#x17B6;&#x1793; &#x178F;&#x17C2;&#x1782;&#x17B6;&#x178F;&#x17CB;&#x1798;&#x17B7;&#x1793;&#x17A2;&#x17B6;&#x1785;&#x1794;&#x17D2;&#x179A;&#x17B6;&#x1794;&#x17CB;&#x1793;&#x179A;&#x178E;&#x17B6;&#x1794;&#x17B6;&#x1793;&#x1791;&#x17C1; &#x1794;&#x17BE;&#x1798;&#x17B7;&#x1793;&#x178A;&#x17BC;&#x1785;&#x17D2;&#x1793;&#x17C4;&#x17C7;&#x1791;&#x17C1;&#x1782;&#x17B6;&#x178F;&#x17CB;&#x1793;&#x17B9;&#x1784;&#x1780;&#x17D2;&#x179B;&#x17B6;&#x1799;&#x1791;&#x17C5;&#x1787;&#x17B6;&#x1790;&#x17D2;&#x1798; &#x17D4; &#x1790;&#x17D2;&#x1784;&#x17C3;&#x1798;&#x17BD;&#x1799;&#x1782;&#x17B6;&#x178F;&#x17CB;&#x1794;&#x17B6;&#x1793;&#x179B;&#x17BA;&#x179F;&#x178F;&#x17D2;&#x179C;&#x1793;&#x17B7;&#x1799;&#x17B6;&#x1799;&#x1782;&#x17D2;&#x1793;&#x17B6;&#x17A0;&#x17BE;&#x1799;&#x1782;&#x17B6;&#x178F;&#x17CB;&#x1780;&#x17CF;&#x179F;&#x17BE;&#x1785;&#x178F;&#x17C2;&#x1798;&#x17D2;&#x1793;&#x17B6;&#x1780;&#x17CB;&#x17AF;&#x1784;&#x1792;&#x17D2;&#x179C;&#x17BE;&#x17A2;&#x17C4;&#x1799;&#x1794;&#x17D2;&#x179A;&#x1796;&#x1793;&#x17D2;&#x1792;&#x1782;&#x17B6;&#x178F;&#x17CB;&#x1782;&#x17B7;&#x178F;&#x1790;&#x17B6;&#x1782;&#x17B6;&#x178F;&#x17CB;&#x1798;&#x17B7;&#x1793;&#x179F;&#x17D2;&#x1798;&#x17C4;&#x17C7;&#x178F;&#x17D2;&#x179A;&#x1784;&#x17CB; &#x1787;&#x17B6;&#x1798;&#x17BD;&#x1799;&#x1793;&#x17B6;&#x1784; &#x1793;&#x17B6;&#x1784;&#x1780;&#x17CF;&#x1780;&#x17BE;&#x178F;&#x1785;&#x17B7;&#x178F;&#x17D2;&#x178F;&#x1781;&#x17B9;&#x1784;&#x200B;&#x17D4;&#x200B; &#x1780;&#x17BB;&#x178A;&#x17BB;&#x1798;&#x17D2;&#x1796;&#x17B8;&#x1780;&#x17CF;&#x1794;&#x17B6;&#x1793;&#x179B;&#x17BA;&#x1798;&#x17B6;&#x178F;&#x17CB;&#x1782;&#x1780;&#x1793;&#x17B7;&#x1799;&#x17B6;&#x1799;&#x1782;&#x17D2;&#x1793;&#x17B6;&#x200B;&#x1787;&#x17B6;&#x1798;&#x17BD;&#x1799;&#x1786;&#x17D2;&#x1780;&#x17C2; &#x1782;&#x17B6;&#x178F;&#x17CB;&#x1780;&#x17CF;&#x1792;&#x17D2;&#x179C;&#x17BE;&#x178F;&#x17B6;&#x1798;&#x1798;&#x17B6;&#x1793;&#x17CB;&#x1782;&#x1780;&#x17A0;&#x17BE;&#x1799;&#x1794;&#x17D2;&#x179A;&#x1796;&#x1793;&#x17D2;&#x1792;&#x179A;&#x1794;&#x179F;&#x17CB;&#x1782;&#x17B6;&#x178F;&#x17CB;&#x1780;&#x17CF;&#x178F;&#x17D2;&#x179A;&#x17BC;&#x179C;&#x1782;&#x17D2;&#x1793;&#x17B6;&#x179C;&#x17B7;&#x1789; &#x17D4; </subfield>
  </datafield>
  <datafield tag="520" ind1=" " ind2=" ">
    <subfield code="a">There was a wealthy man who lived with his wife and their 10-year-old child. This man had a special ability: he could understand the language of animals, but he could not tell anyone about it; otherwise, he would turn into stone.
One day, he overheard some animals talking and he laughed to himself, which made his wife think he was hiding something from her. She became upset with him.
Later, the man heard a rooster talking with a dog. He followed the rooster&#x2019;s advice, and as a result, his wife reconciled with him . </subfield>
  </datafield>
  <datafield tag="521" ind1="8" ind2=" ">
    <subfield code="a">700 
</subfield>
    <subfield code="b">Lexile estimate 
</subfield>
  </datafield>
  <datafield tag="521" ind1="8" ind2=" ">
    <subfield code="a">R 
</subfield>
    <subfield code="b">Raz-Plus 
</subfield>
  </datafield>
  <datafield tag="650" ind1=" " ind2=" ">
    <subfield code="a">&#x200B;&#x1798;&#x17B6;&#x1793;&#x17CB;&#x1782;&#x1780;&#x1788;&#x17D2;&#x179B;&#x17B6;&#x179F;&#x179C;&#x17C3;</subfield>
    <subfield code="v">&#x179A;&#x17BF;&#x1784;&#x1793;&#x17B7;&#x1791;&#x17B6;&#x1793;&#x1780;&#x17BB;&#x1798;&#x17B6;&#x179A;</subfield>
  </datafield>
  <datafield tag="650" ind1=" " ind2=" ">
    <subfield code="a">The wise rooster </subfield>
    <subfield code="v">Children's Stories </subfield>
  </datafield>
  <datafield tag="700" ind1=" " ind2=" ">
    <subfield code="a">O, Eth </subfield>
    <subfield code="e">Illustrator </subfield>
  </datafield>
  <datafield tag="942" ind1=" " ind2=" ">
    <subfield code="2">ddc</subfield>
    <subfield code="c">KHB</subfield>
    <subfield code="n">0</subfield>
  </datafield>
  <datafield tag="999" ind1=" " ind2=" ">
    <subfield code="c">9127</subfield>
    <subfield code="d">9127</subfield>
  </datafield>
  <datafield tag="952" ind1=" " ind2=" ">
    <subfield code="0">0</subfield>
    <subfield code="1">0</subfield>
    <subfield code="2">ddc</subfield>
    <subfield code="4">0</subfield>
    <subfield code="7">0</subfield>
    <subfield code="8">Khmer-English Bilingual </subfield>
    <subfield code="a">002</subfield>
    <subfield code="b">002</subfield>
    <subfield code="c">TTP Khmer</subfield>
    <subfield code="d">2025-11-24</subfield>
    <subfield code="l">0</subfield>
    <subfield code="o">SAR 398.2</subfield>
    <subfield code="p">2025-4891</subfield>
    <subfield code="r">2025-11-24 11:50:00</subfield>
    <subfield code="t">1</subfield>
    <subfield code="w">2025-11-24</subfield>
    <subfield code="y">KHB</subfield>
  </datafield>
  <datafield tag="952" ind1=" " ind2=" ">
    <subfield code="0">0</subfield>
    <subfield code="1">0</subfield>
    <subfield code="2">ddc</subfield>
    <subfield code="4">0</subfield>
    <subfield code="7">0</subfield>
    <subfield code="8">Khmer-English Bilingual </subfield>
    <subfield code="a">002</subfield>
    <subfield code="b">002</subfield>
    <subfield code="c">TTP Khmer</subfield>
    <subfield code="d">2026-04-09</subfield>
    <subfield code="l">0</subfield>
    <subfield code="o">SAR 398.2</subfield>
    <subfield code="p">2026-0500</subfield>
    <subfield code="r">2026-04-09 15:33:32</subfield>
    <subfield code="t">2</subfield>
    <subfield code="w">2026-04-09</subfield>
    <subfield code="y">KHB</subfield>
  </datafield>
</record>
